| 000 | 00413nam a2200181Ia 4500 | ||
|---|---|---|---|
| 005 | 20240823044611.0 | ||
| 008 | 240823s9999||||xx |||||||||||||| ||und|| | ||
| 041 | _aENGLISH | ||
| 082 | _A330.954 N3 | ||
| 100 | _aSankaran S | ||
| 245 | 0 | _aIndian Economy | |
| 250 | _a1st | ||
| 260 |
_c1993 _b"Marghom,Madras" |
||
| 500 | _aYES | ||
| 650 |
_aManagement _bManagement Studies |
||
| 942 | _cBK | ||
| 999 |
_c212976 _d212976 |
||